000 01601nam a2200241 a 4500
005 20260322212011.0
008 data
099 _aDVD 619
245 0 0 _aCowboys & aliens/
_cUniversal Pictures, Dreamworks Pictures, Reliance Entertainment present in association with Relativity Media an Imagine Entertainment ... [et [et al.] production ; produced by Brian Grazer ... [et al.] ; screenplay by Roberto Orci ... [et al.] ; directed by Jon Favreau. Director of photography, Matthew Libatique ; editors, Dan Lebental, Jim May ; music, Harry Gregson-Williams.
260 _aUniversal City, CA :
_bUniversal Studios Home Entertainment,
_c2011.
300 _aDVD video 1 videodisc (1 hr., 59 min.) : sd., col. ;
_b4 3/4 in.
500 _aOriginally released as a motion picture in 2011./ "Based on Platinum 'Studios' Cowboys and aliens by Scott Michael Rosenberg."/ Participants: Daniel Craig, Harrison Ford, Olivia Wilde, Sam Rockwell, Clancy Brown, Adam Beach, Paul Dano, Noah Ringer, Keith Caradine./ Audience: MPAA rating: PG-13; for intense sequences of western and sci-fi action and violence, some partial nudity and a brief crude reference.
520 _aIn Arizona in 1873, a stranger leads a posse of cowboys, outlaws and Apache warriors against an alien enemy.
650 0 _aAction and adventure films
650 0 _aScience fiction
700 1 _aFavreau, Jon.
700 1 _aGrazer, Brian,
_d1953-
700 1 _aOrci, Roberto.
700 1 _aCraig, Daniel,; 1968-
700 1 _aFord, Harrison,
_d1942-
856 4 1 _uhttps://m.media-amazon.com/images/I/91n4lj428aL._AC_UY218_ML3_.jpg
001 data
999 _c214
_d214